[Event "SC Falke Saerbeck 1 - SC Klein-Berlin R"]
[Site "Verbandsklasse 2017/2018"]
[Date "2017.11.25"]
[Round "3.8"]
[White "Rogowski, Friedrich"]
[Black "van Dam, Hans"]
[Result "1-0"]
[WhiteElo "1620"]
[BlackElo "1555"]
[PlyCount "157"]
[EventDate "2017.??.??"]
[SourceTitle "Verband Muensterland"]
[SourceDate "2017.09.30"]
[SourceVersion "1"]
[SourceVersionDate "2017.09.30"]
[SourceQuality "1"]

1. e4 e5 2. Nf3 Nc6 3. Bc4 Nf6 4. d3 h6 5. Bb3 d5 6. exd5 Nxd5 7. O-O Bg4 8.
Nbd2 Nd4 9. h3 Bxf3 10. Nxf3 Nxb3 11. axb3 Bd6 12. Re1 O-O 13. Nxe5 Re8 14. d4
Nb4 15. Nf3 c6 16. Be3 Nd5 17. Qd2 Nxe3 18. Rxe3 Rxe3 19. Qxe3 Bc7 20. Re1 Bb6
21. c3 Bc7 22. Qe7 Qc8 23. Ne5 Bxe5 24. Rxe5 a5 25. Qh4 f6 26. Re7 Kf8 27. Qe4
a4 28. bxa4 Rxa4 29. Qe6 Qxe6 30. Rxe6 Kf7 31. Re1 Ra2 32. Re2 Ra5 33. f3 Rd5
34. Kf2 b6 35. g4 Ra5 36. f4 g6 37. Kg3 Rd5 38. h4 c5 39. Re4 Rd6 40. Kf3 c4
41. f5 b5 42. fxg6+ Kxg6 43. Kf4 Ra6 44. d5 Ra1 45. Rd4 Kf7 46. d6 Rf1+ 47. Ke4
Ke8 48. Kd5 Kd7 49. Kc5 Rf2 50. Kxb5 Rxb2+ 51. Kxc4 Rh2 52. h5 Ra2 53. Kd5 Ra5+
54. Ke4 Rg5 55. Kf4 Ra5 56. c4 Rc5 57. Ke4 Re5+ 58. Kd3 f5 59. gxf5 Rxf5 60.
Rd5 Rf4 61. c5 Rf1 62. Ke2 Rc1 63. Kd2 Rc4 64. Kd3 Rc1 65. Re5 Kc6 66. Ke4 Rf1
67. Rf5 Re1+ 68. Kf4 Rf1+ 69. Ke5 Re1+ 70. Kf6 Kd7 71. Kg6 Re6+ 72. Rf6 Re5 73.
Kxh6 Rxc5 74. Kg6 Rc1 75. Kg7 Ke8 76. h6 Rg1+ 77. Rg6 Rf1 78. h7 Rf7+ 79. Kh6
1-0

[Event "SK Königsspringer Nordwalde 1 - Südlohn"]
[Site "Verbandsklasse 2017/2018"]
[Date "2017.11.25"]
[Round "3.1"]
[White "Sparwel, Oliver"]
[Black "Lerke, Bernd"]
[Result "1/2-1/2"]
[WhiteElo "1882"]
[BlackElo "1801"]
[PlyCount "67"]
[EventDate "2017.??.??"]
[SourceTitle "Verband Muensterland"]
[SourceDate "2017.09.30"]
[SourceVersion "1"]
[SourceVersionDate "2017.09.30"]
[SourceQuality "1"]

1. d4 Nf6 2. Nf3 c5 3. d5 d6 4. c4 e5 5. Nc3 Be7 6. e4 Nbd7 7. g3 O-O 8. Bg2
Ne8 9. Qc2 g6 10. Bh6 Ng7 11. h4 Nf6 12. O-O-O a6 13. Kb1 Bd7 14. Nxe5 dxe5 15.
d6 b5 16. dxe7 Qxe7 17. Bg5 Be6 18. Nd5 Bxd5 19. cxd5 h6 20. Bxh6 Qd6 21. f4
Ng4 22. fxe5 Nxe5 23. h5 gxh5 24. Bxg7 Kxg7 25. Rxh5 f6 26. Qd2 Rh8 27. Rdh1
Rxh5 28. Rxh5 Nf7 29. Qf4 Rh8 30. Rxh8 Kxh8 31. Bh3 Kg7 32. Be6 Ne5 33. Bf5 c4
34. Qd2 1/2-1/2

[Event "SK Königsspringer Nordwalde 1 - Südlohn"]
[Site "Verbandsklasse 2017/2018"]
[Date "2017.11.25"]
[Round "3.2"]
[White "Sandmann, Matthias"]
[Black "Emming, Benedikt"]
[Result "0-1"]
[WhiteElo "1841"]
[BlackElo "1799"]
[PlyCount "36"]
[EventDate "2017.??.??"]
[SourceTitle "Verband Muensterland"]
[SourceDate "2017.09.30"]
[SourceVersion "1"]
[SourceVersionDate "2017.09.30"]
[SourceQuality "1"]

1. Nf3 c5 2. g3 Nc6 3. Bg2 d5 4. d4 e6 5. O-O Nf6 6. a3 cxd4 7. Nxd4 Nxd4 8.
Qxd4 Qc7 9. c3 Bc5 10. Bf4 Qb6 11. Qd2 Ng4 12. e4 e5 13. b4 Bxf2+ 14. Kh1 exf4
15. Qxf4 O-O 16. exd5 Be3 17. Qf3 Nf2+ 18. Kg1 Bg4 0-1

[Event "SK Königsspringer Nordwalde 1 - Südlohn"]
[Site "Verbandsklasse 2017/2018"]
[Date "2017.11.25"]
[Round "3.3"]
[White "Richters, Alfred"]
[Black "Kasubke, Manfred"]
[Result "1/2-1/2"]
[WhiteElo "1873"]
[BlackElo "1847"]
[PlyCount "53"]
[EventDate "2017.??.??"]
[SourceTitle "Verband Muensterland"]
[SourceDate "2017.09.30"]
[SourceVersion "1"]
[SourceVersionDate "2017.09.30"]
[SourceQuality "1"]

1. d4 f5 2. Nc3 Nf6 3. Bg5 g6 4. e3 Bg7 5. Bd3 d5 6. Nge2 Be6 7. Rc1 Nbd7 8.
Na4 c6 9. c3 b5 10. Nc5 Nxc5 11. dxc5 Bd7 12. b4 e5 13. Qb3 h6 14. Bxf6 Qxf6
15. O-O Be6 16. Qd1 O-O 17. a4 a6 18. Ra1 g5 19. f4 Bd7 20. Ra3 Rae8 21. axb5
axb5 22. Ra7 Re7 23. Qd2 Be8 24. Rfa1 Bh5 25. Ng3 Bg6 26. Ne2 Bh5 27. Ng3
1/2-1/2

[Event "SK Königsspringer Nordwalde 1 - Südlohn"]
[Site "Verbandsklasse 2017/2018"]
[Date "2017.11.25"]
[Round "3.4"]
[White "Mense, Jens-Uwe"]
[Black "Albers, Thomas"]
[Result "1-0"]
[WhiteElo "1802"]
[BlackElo "1763"]
[PlyCount "139"]
[EventDate "2017.??.??"]
[SourceTitle "Verband Muensterland"]
[SourceDate "2017.09.30"]
[SourceVersion "1"]
[SourceVersionDate "2017.09.30"]
[SourceQuality "1"]

1. d4 d5 2. Nf3 Nf6 3. e3 Bf5 4. c4 e6 5. Qb3 b6 6. Nc3 Be7 7. cxd5 exd5 8. Be2
O-O 9. O-O h6 10. Ne5 c6 11. Bd2 Bd6 12. Rac1 Re8 13. f4 Be4 14. Be1 c5 15. Bh4
c4 16. Qd1 Be7 17. b3 cxb3 18. Qxb3 Rf8 19. Bxf6 gxf6 20. Ng4 f5 21. Nxh6+ Kh7
22. Nxe4 fxe4 23. Nf5 Bf6 24. Bg4 Rg8 25. Bh3 Rg6 26. Qd1 Na6 27. Qh5+ Kg8 28.
Nh6+ Kf8 29. Ng4 Bg7 30. Ne5 Bxe5 31. fxe5 Qg5 32. Qxg5 Rxg5 33. Rf6 Ke7 34.
Rcf1 Rg7 35. e6 Rf8 36. a3 Nc7 37. Rxf7+ Rgxf7 38. Rxf7+ Rxf7 39. exf7 Kxf7 40.
Bd7 Kf6 41. Ba4 Ke6 42. Kf2 b5 43. Bb3 Ne8 44. g4 a5 45. g5 Nd6 46. Ke2 Nf5 47.
h3 Nh4 48. Kf2 Ng6 49. Kg3 Ne7 50. Kf4 b4 51. axb4 axb4 52. h4 Nf5 53. Bxd5+
Kxd5 54. Kxf5 b3 55. g6 b2 56. g7 b1=Q 57. g8=Q+ Kc6 58. Qa8+ Kd7 59. Qxe4 Qf1+
60. Ke5 Qe1 61. Qh7+ Kc6 62. Qe4+ Kd7 63. Qf4 Qa5+ 64. d5 Qc3+ 65. Qd4 Qc7+ 66.
Kf5 Qc2+ 67. Kg5 Qh2 68. Qf4 Qb2 69. Qf5+ Ke8 70. Qe6+ 1-0

[Event "SK Königsspringer Nordwalde 1 - Südlohn"]
[Site "Verbandsklasse 2017/2018"]
[Date "2017.11.25"]
[Round "3.5"]
[White "Telöken, Stefan"]
[Black "Holstegge, Ludger"]
[Result "1-0"]
[WhiteElo "1740"]
[BlackElo "1803"]
[PlyCount "75"]
[EventDate "2017.??.??"]
[SourceTitle "Verband Muensterland"]
[SourceDate "2017.09.30"]
[SourceVersion "1"]
[SourceVersionDate "2017.09.30"]
[SourceQuality "1"]

1. c4 c5 2. g3 Nc6 3. Bg2 g6 4. Nf3 Bg7 5. O-O d6 6. Nc3 e5 7. d3 Nge7 8. Bd2
O-O 9. Rb1 Bd7 10. a3 Rb8 11. b4 b6 12. e3 Nc8 13. Ne2 Bf5 14. Nh4 N6e7 15.
Nxf5 Nxf5 16. Nc3 Nfe7 17. b5 Kh8 18. a4 f5 19. Rb3 Ng8 20. Ra3 Nf6 21. Qb3 g5
22. Rfa1 f4 23. a5 Ng4 24. exf4 exf4 25. axb6 axb6 26. Ne4 Bxa1 27. Rxa1 h6 28.
Qb2+ Kg8 29. Bc3 Qe7 30. Re1 Ne5 31. Nxd6 Nxd6 32. Rxe5 Qd7 33. Bd5+ Kh7 34.
Be6 Qc7 35. d4 fxg3 36. Qc2+ Kg7 37. dxc5 Rxf2 38. Rf5+ 1-0

[Event "SK Königsspringer Nordwalde 1 - Südlohn"]
[Site "Verbandsklasse 2017/2018"]
[Date "2017.11.25"]
[Round "3.6"]
[White "Steens, Rudolf"]
[Black "Schmeing, Manfred"]
[Result "1/2-1/2"]
[WhiteElo "1784"]
[BlackElo "1706"]
[PlyCount "53"]
[EventDate "2017.??.??"]
[SourceTitle "Verband Muensterland"]
[SourceDate "2017.09.30"]
[SourceVersion "1"]
[SourceVersionDate "2017.09.30"]
[SourceQuality "1"]

1. e4 e5 2. Nc3 Nf6 3. f4 d6 4. Nf3 Nc6 5. Bc4 Na5 6. Bb3 Nxb3 7. axb3 exf4 8.
d4 Be7 9. Bxf4 c6 10. O-O O-O 11. Qe2 a5 12. Rfd1 Bg4 13. Kh1 Nh5 14. Be3 f5
15. exf5 Rxf5 16. Rf1 Qd7 17. Ne4 Raf8 18. Ned2 b6 19. Rae1 Bh4 20. Bf2 Nf4 21.
Qe3 Nxg2 22. Kxg2 Rxf3 23. Nxf3 Bxf3+ 24. Qxf3 Rxf3 25. Kxf3 Bxf2 26. Kxf2 h6
27. Kg3 1/2-1/2

[Event "SK Königsspringer Nordwalde 1 - Südlohn"]
[Site "Verbandsklasse 2017/2018"]
[Date "2017.11.25"]
[Round "3.7"]
[White "Musholt, Joachim"]
[Black "Hols, Bernhard"]
[Result "0-1"]
[WhiteElo "1726"]
[BlackElo "1773"]
[PlyCount "110"]
[EventDate "2017.??.??"]
[SourceTitle "Verband Muensterland"]
[SourceDate "2017.09.30"]
[SourceVersion "1"]
[SourceVersionDate "2017.09.30"]
[SourceQuality "1"]

1. e4 c5 2. Nf3 Nc6 3. d4 cxd4 4. Nxd4 g6 5. Bc4 d6 6. O-O Nf6 7. Nc3 Bd7 8.
Kh1 Bg7 9. f4 Na5 10. Be2 Nc6 11. Bf3 Qa5 12. Nb3 Qc7 13. Be3 O-O 14. g4 Be6
15. Nd5 Qc8 16. Nxf6+ Bxf6 17. c3 Bc4 18. Rf2 Rd8 19. Rd2 a5 20. Qg1 a4 21. Nd4
Ra6 22. g5 Nxd4 23. cxd4 Bg7 24. Qg2 b5 25. Rc1 Qb8 26. a3 Qb6 27. Qf2 Qa5 28.
h4 e6 29. Kg2 d5 30. e5 b4 31. axb4 Qxb4 32. Rdc2 Rb8 33. Bd2 Qb3 34. Bc3 Bf8
35. Rd2 Qb5 36. Be2 Bxe2 37. Rxe2 Qd3 38. Rd2 Qf5 39. Kg3 Rb3 40. Qf1 Rab6 41.
Qf3 Bb4 42. Rd3 Rc6 43. Qe2 Rc4 44. Qd1 Qe4 45. Rf3 Bxc3 46. bxc3 Rb2 47. Ra1
Rb3 48. Rc1 Rc8 49. Qd2 a3 50. Re3 Qf5 51. Rc2 Rcb8 52. Re2 Rb2 53. Qc1 Qd3+
54. Kf2 Rb1 55. Qd2 Qh3 0-1

[Event "SK Königsspringer Nordwalde 1 - Südlohn"]
[Site "Verbandsklasse 2017/2018"]
[Date "2017.11.25"]
[Round "3.8"]
[White "Keller, Hansjürgen"]
[Black "Janssen, Guido"]
[Result "1/2-1/2"]
[WhiteElo "1665"]
[BlackElo "1639"]
[PlyCount "40"]
[EventDate "2017.??.??"]
[SourceTitle "Verband Muensterland"]
[SourceDate "2017.09.30"]
[SourceVersion "1"]
[SourceVersionDate "2017.09.30"]
[SourceQuality "1"]

1. d4 Nf6 2. Bf4 g6 3. Nc3 Bg7 4. e4 d6 5. Qd2 O-O 6. Nf3 c5 7. Be2 cxd4 8. Nd5
Nxe4 9. Qd3 Qa5+ 10. Nd2 Nxd2 11. Nxe7+ Kh8 12. Bxd2 Qc5 13. Nxc8 Rxc8 14. Rc1
Nc6 15. O-O Nb4 16. Qb3 a5 17. a3 Nc6 18. Qxf7 Qb6 19. Bd3 Ne5 20. Qa2 Rc7
1/2-1/2

[Event "SC Hiltrup 1 - SG Turm Raesfeld/Erle 2"]
[Site "Verbandsklasse 2017/2018"]
[Date "2017.11.25"]
[Round "3.1"]
[White "Pliete, Christian"]
[Black "Kammers, Heribert"]
[Result "0-1"]
[WhiteElo "1839"]
[BlackElo "1992"]
[PlyCount "99"]
[EventDate "2017.??.??"]
[SourceTitle "Verband Muensterland"]
[SourceDate "2017.09.30"]
[SourceVersion "1"]
[SourceVersionDate "2017.09.30"]
[SourceQuality "1"]

1. e4 e6 2. Nf3 d5 3. e5 c5 4. b4 d4 5. bxc5 Bxc5 6. Bb5+ Bd7 7. Qe2 Nc6 8. c3
Nge7 9. O-O Nf5 10. a4 O-O 11. Ba3 Bxa3 12. Nxa3 dxc3 13. dxc3 Qe7 14. Rfd1
Rfd8 15. Nc2 Qc5 16. Qc4 Qxc4 17. Bxc4 Na5 18. Bb5 Bc6 19. Bxc6 Nxc6 20. Ncd4
Ncxd4 21. cxd4 Rd5 22. Rd2 Rad8 23. Rad1 Kf8 24. Kf1 Ra5 25. Ra1 Ne7 26. Rb2 b6
27. Rc2 Nf5 28. Rc4 b5 29. Rb4 a6 30. Ke2 Ne7 31. Rbb1 bxa4 32. Rb4 Nd5 33. Rc4
Rb8 34. Kd2 a3 35. Ne1 Rb4 36. Rxb4 Nxb4 37. Nc2 Nxc2 38. Kxc2 g5 39. Kd3 Ke7
40. g3 g4 41. Ke3 Ra4 42. f3 gxf3 43. Kxf3 a2 44. Ke3 Kd7 45. Kd3 Kc6 46. Kc3
Kb5 47. Kb3 a5 48. h3 Rxd4 49. Rxa2 Rd3+ 50. Kc2 0-1

[Event "SC Hiltrup 1 - SG Turm Raesfeld/Erle 2"]
[Site "Verbandsklasse 2017/2018"]
[Date "2017.11.25"]
[Round "3.2"]
[White "Junk, Phillip"]
[Black "Brömmel, Chris"]
[Result "1/2-1/2"]
[WhiteElo "1839"]
[BlackElo "1775"]
[PlyCount "40"]
[EventDate "2017.??.??"]
[SourceTitle "Verband Muensterland"]
[SourceDate "2017.09.30"]
[SourceVersion "1"]
[SourceVersionDate "2017.09.30"]
[SourceQuality "1"]

1. e4 d5 2. exd5 Qxd5 3. Nc3 Qa5 4. d4 Nf6 5. Nf3 Bg4 6. Be2 e6 7. O-O Be7 8.
Be3 Nbd7 9. Nd2 Bxe2 10. Qxe2 c6 11. Qf3 O-O 12. Nb3 Qc7 13. Bf4 Bd6 14. Bxd6
Qxd6 15. Ne4 Nxe4 16. Qxe4 Nf6 17. Qf3 a5 18. c3 a4 19. Nc5 Rfb8 20. a3 b6
1/2-1/2

[Event "SC Hiltrup 1 - SG Turm Raesfeld/Erle 2"]
[Site "Verbandsklasse 2017/2018"]
[Date "2017.11.25"]
[Round "3.3"]
[White "Fasselt, Hendrik"]
[Black "Voigt, Stefan"]
[Result "1/2-1/2"]
[WhiteElo "1833"]
[BlackElo "1801"]
[PlyCount "43"]
[EventDate "2017.??.??"]
[SourceTitle "Verband Muensterland"]
[SourceDate "2017.09.30"]
[SourceVersion "1"]
[SourceVersionDate "2017.09.30"]
[SourceQuality "1"]

1. b3 d5 2. Bb2 Bg4 3. g3 Nd7 4. d4 e6 5. Bg2 Ngf6 6. Nf3 Bd6 7. Nbd2 c6 8. O-O
O-O 9. c4 Re8 10. Ne5 Bf5 11. Re1 a5 12. e4 dxe4 13. Nxe4 Nxe4 14. Bxe4 Bxe4
15. Rxe4 Be7 16. a3 Nxe5 17. dxe5 Qxd1+ 18. Rxd1 Rad8 19. Red4 Rxd4 20. Rxd4
Rd8 21. Rxd8+ Bxd8 22. Kf1 1/2-1/2

[Event "SC Hiltrup 1 - SG Turm Raesfeld/Erle 2"]
[Site "Verbandsklasse 2017/2018"]
[Date "2017.11.25"]
[Round "3.4"]
[White "Junk, Andreas"]
[Black "Kadenbach, Wolfgang"]
[Result "1-0"]
[WhiteElo "1753"]
[BlackElo "1726"]
[PlyCount "147"]
[EventDate "2017.??.??"]
[SourceTitle "Verband Muensterland"]
[SourceDate "2017.09.30"]
[SourceVersion "1"]
[SourceVersionDate "2017.09.30"]
[SourceQuality "1"]

1. e4 e6 2. d4 d5 3. e5 c5 4. c3 Nc6 5. Nf3 Qb6 6. a3 c4 7. Nbd2 Na5 8. Be2 Be7
9. Rb1 Bd7 10. b4 cxb3 11. c4 dxc4 12. Nxc4 Nxc4 13. Bxc4 Qc7 14. Qxb3 Rc8 15.
Be2 Qc3+ 16. Bd2 Qxb3 17. Rxb3 b6 18. O-O Nh6 19. Ba6 Rc2 20. Rc1 Rxc1+ 21.
Bxc1 Nf5 22. Rc3 Kd8 23. Bd3 h6 24. g3 Ba4 25. d5 Kd7 26. d6 Bd8 27. g4 Nxd6
28. exd6 Kxd6 29. Bf4+ Kd7 30. Ne5+ Ke7 31. Nc6+ Bxc6 32. Rxc6 f6 33. Bb8 Kd7
34. Rc3 Be7 35. Bb5+ Kd8 36. Bc7+ Kc8 37. Bxb6+ Kb7 38. Ba5 Rc8 39. Rxc8 Kxc8
40. Bb4 Bxb4 41. axb4 Kb7 42. Bc4 e5 43. f3 Kb6 44. Kf2 a5 45. bxa5+ Kxa5 46.
Ke3 Kb4 47. Bd3 Kc5 48. Bg6 Kd6 49. Ke4 Ke6 50. h3 Ke7 51. Kf5 Kf8 52. Ke6 Kg8
53. Bf7+ Kf8 54. Bh5 Kg8 55. Ke7 Kh7 56. Be8 Kg8 57. h4 Kh7 58. Ke6 Kg8 59. g5
hxg5 60. hxg5 fxg5 61. Kxe5 g4 62. fxg4 Kh7 63. Kf5 Kg8 64. Kg6 Kh8 65. Kf7 Kh7
66. g5 Kh8 67. Bc6 Kh7 68. Be4+ Kh8 69. Kf8 g6 70. Kf7 Kh7 71. Bd3 Kh8 72. Kxg6
Kg8 73. Ba6 Kh8 74. Kf7 1-0

[Event "SC Hiltrup 1 - SG Turm Raesfeld/Erle 2"]
[Site "Verbandsklasse 2017/2018"]
[Date "2017.11.25"]
[Round "3.5"]
[White "Tünte, Marcel"]
[Black "Buchholz, Christian"]
[Result "1-0"]
[WhiteElo "1784"]
[BlackElo "1606"]
[PlyCount "77"]
[EventDate "2017.??.??"]
[SourceTitle "Verband Muensterland"]
[SourceDate "2017.09.30"]
[SourceVersion "1"]
[SourceVersionDate "2017.09.30"]
[SourceQuality "1"]

1. e4 c5 2. Nc3 d6 3. f4 Nc6 4. Bb5 Bd7 5. Nf3 a6 6. Bxc6 Bxc6 7. d3 Nf6 8. O-O
g6 9. Qe1 Bg7 10. Qh4 Qb6 11. Kh1 O-O-O 12. Rb1 Kb8 13. Bd2 Qc7 14. b4 c4 15.
b5 axb5 16. Nxb5 Qd7 17. a4 cxd3 18. cxd3 Rc8 19. Qf2 Bxb5 20. Rxb5 Ng4 21. Qb6
Rc6 22. Qa5 Rhc8 23. h3 Nf6 24. Be3 Rc5 25. Bxc5 Rxc5 26. Rxc5 dxc5 27. Ne5 Qc7
28. Qb5 Nh5 29. Rb1 Bxe5 30. fxe5 Ng3+ 31. Kh2 Ne2 32. Qb2 Nd4 33. Kh1 Nc6 34.
Qb3 Nxe5 35. a5 Ka7 36. Qd5 e6 37. Qb3 Nc6 38. Qc3 Qxa5 39. Ra1 1-0

[Event "SC Hiltrup 1 - SG Turm Raesfeld/Erle 2"]
[Site "Verbandsklasse 2017/2018"]
[Date "2017.11.25"]
[Round "3.6"]
[White "Haves, Daniel"]
[Black "Droste, Laurenz"]
[Result "1/2-1/2"]
[WhiteElo "1576"]
[BlackElo "1646"]
[PlyCount "64"]
[EventDate "2017.??.??"]
[SourceTitle "Verband Muensterland"]
[SourceDate "2017.09.30"]
[SourceVersion "1"]
[SourceVersionDate "2017.09.30"]
[SourceQuality "1"]

1. f4 d5 2. Nf3 Nc6 3. e3 Bg4 4. Be2 e6 5. O-O Nf6 6. d3 Bc5 7. Kh1 O-O 8. Nc3
Ne7 9. e4 dxe4 10. dxe4 Ng6 11. Qe1 Nh5 12. h3 Bxf3 13. Rxf3 Qh4 14. Qxh4 Nxh4
15. Rd3 Nf6 16. g3 Ng6 17. Bf3 c6 18. Na4 Bb6 19. Nxb6 axb6 20. Be3 Ra6 21. a3
Re8 22. Rad1 b5 23. Rd8 Ra8 24. R8d3 h6 25. Kg2 Nf8 26. g4 Re7 27. Bc5 Rd7 28.
Bxf8 Rxd3 29. Rxd3 Kxf8 30. g5 hxg5 31. fxg5 Nh7 32. h4 Ke7 1/2-1/2

[Event "SC Hiltrup 1 - SG Turm Raesfeld/Erle 2"]
[Site "Verbandsklasse 2017/2018"]
[Date "2017.11.25"]
[Round "3.7"]
[White "Grömping, Franz-Josef"]
[Black "Jeromin, Rudolf Gustav"]
[Result "1-0"]
[WhiteElo "1645"]
[BlackElo "1668"]
[PlyCount "58"]
[EventDate "2017.??.??"]
[SourceTitle "Verband Muensterland"]
[SourceDate "2017.09.30"]
[SourceVersion "1"]
[SourceVersionDate "2017.09.30"]
[SourceQuality "1"]

1. e4 e5 2. Nf3 Nc6 3. Bc4 Bc5 4. b4 Bxb4 5. c3 Ba5 6. Qb3 Qe7 7. d4 Nxd4 8.
Nxd4 exd4 9. O-O Bb6 10. Ba3 Qf6 11. e5 Qf5 12. cxd4 Bxd4 13. Nc3 c6 14. Rad1
Bxe5 15. Rde1 Kd8 16. f4 Bd4+ 17. Kh1 Nh6 18. Be7+ Kc7 19. Qb4 Qg6 20. Re6 Nf5
21. Rxg6 hxg6 22. Rf3 Re8 23. Ne2 Rxe7 24. Nxd4 Nxd4 25. Qxe7 Nxf3 26. gxf3 b5
27. Bxf7 a5 28. Bxg6 Kb6 29. Qxg7 Ra7 1-0

[Event "SC Hiltrup 1 - SG Turm Raesfeld/Erle 2"]
[Site "Verbandsklasse 2017/2018"]
[Date "2017.11.25"]
[Round "3.8"]
[White "Kobusch, Alexander"]
[Black "Suer, Julian"]
[Result "0-1"]
[WhiteElo "1603"]
[BlackElo "1728"]
[PlyCount "36"]
[EventDate "2017.??.??"]
[SourceTitle "Verband Muensterland"]
[SourceDate "2017.09.30"]
[SourceVersion "1"]
[SourceVersionDate "2017.09.30"]
[SourceQuality "1"]

1. e4 d5 2. exd5 Qxd5 3. Nc3 Qa5 4. d4 Nf6 5. Bc4 Bf5 6. Nge2 e6 7. Bd2 c6 8.
O-O Qc7 9. Ng3 Bg6 10. f4 Bd6 11. Bb3 Nbd7 12. Qf3 O-O-O 13. Nce2 h5 14. h4 Ng4
15. c4 Ndf6 16. c5 Bxc5 17. f5 exf5 18. Nxf5 Qh2# 0-1